000
00335nam a2200145Ia 4500
100
_a
Tremblay J.P
250
_a
2
942
_c
BK
654
_a
Computer Science
245
_a
Introduction to Computer Science:An algorithmic approach
260
_b
Tata Mc Graw hill
_c
1989
082
_a
5.1
_b
TRE
546
_a
ENGLISH
999
_c
32132
_d
32132